Estudio de referencia sobre educación en población para América Latina : enfoque interdisciplinario y sistemático.

保存先:
書誌詳細
団体著者: UNESCO
フォーマット: 図書
言語:スペイン語
主題:
タグ: タグ追加
タグなし, このレコードへの初めてのタグを付けませんか!

MARC

LEADER 00000cam^a2200000uu^4500
001 000457836
005 20250521000000.0
008 050901s1982^^^^^^^^^^^^rd^r^^000^0^spa^d
009 20260310124054.789
035 |a FCE 000000279 
035 |a FCE 000280 
037 |a Acervo ITESO - Biblioteca 
041 |a spa 
082 0 4 |a 312.9  |b UNE 
110 |a UNESCO 
245 1 0 |a Estudio de referencia sobre educación en población para América Latina :  |b enfoque interdisciplinario y sistemático. 
264 |a París :  |b OREALC : UNESCO,  |c 1982. 
300 |a [s.p.] 
336 |a texto  |b txt  |2 rdacontenido 
337 |a sin mediación  |b n  |2 rdamedio 
338 |a volumen  |b nc  |2 rdasoporte 
649 |a XX 
650 |a Demografía 
650 |a Familia 
650 |a Desarrollo Comunitario 
650 |a Política económica 
650 |a Educación sobre población 
650 |a Organización social 
650 |a América Latina 
910 |a Fondo Centro de Estudios Educativos 
920 |a Impresos - Libros 
930 |a Fondos Especiales 
905 |a 133 
901 |a ALE000280  |b IT2  |c CEE  |u 20250521 
902 |a https://opac.biblio.iteso.mx/vufind/Record/000457836